[Event "Essent Open"]
[Site "Hoogeveen NED"]
[Date "2001.10.17"]
[Round "6"]
[White "Hort,V"]
[Black "Afek,Y"]
[Result "1-0"]
[WhiteElo "2519"]
[BlackElo "2369"]

1.d4 d5 2.c4 dxc4 3.e4 c5 4.d5 e6 5.Bxc4 Nf6 6.Nc3 exd5 7.Nxd5 Nxd5 8.Bxd5 Be7
9.Ne2 O-O 10.O-O Qb6 11.Bd2 Nd7 12.Bc3 Nf6 13.Nf4 Qc7 14.e5 Nxd5 15.Nxd5 Qd8
16.Qf3 Be6 17.Rad1 Bxd5 18.Rxd5 Qc7 19.Qg4 Rfd8 20.e6 Bf8 21.Rxd8 Rxd8 22.Bf6 Re8
23.e7 Rxe7 24.Bxe7 Qxe7 25.Rd1 Qe5 26.b3 Qb2 27.g3 Qxa2 28.Qc4 a6 29.Rd8 Qa1+
30.Kg2 Qe5 31.Rd7 Qf6 32.Qe4 b5 33.Qe8 Qc6+ 34.Kf1 Qe6 35.Qxe6 fxe6 36.Ra7 c4
37.bxc4 bxc4 38.Rxa6 c3 39.Rxe6 Ba3 40.Rc6 Bb2 41.Ke2 Kf7 42.Kd3 h5 43.Ke4 h4
44.gxh4 Ke7 45.h5 Kd7 46.Kd5 Ke7 47.Ke4 Kd7 48.Rc4 Ke6 49.h3 Kf6 50.Rc5 Ke6
51.Kd3 Kf6 52.Ra5 Kf7 53.Ra6  1-0

[Event "WYG16"]
[Site "Oropesa del Mar ESP"]
[Date "2001.10.23"]
[Round "3"]
[White "Tsai,C"]
[Black "Dzagnidze,N"]
[Result "0-1"]
[WhiteElo "2203"]
[BlackElo "2372"]

1.d4 d5 2.c4 dxc4 3.e4 Nc6 4.Nf3 Bg4 5.Be3 Nf6 6.Nc3 e6 7.Bxc4 Bb4 8.Qc2 Qe7
9.O-O O-O 10.a3 Bxc3 11.bxc3 Bxf3 12.gxf3 e5 13.Bd3 Nh5 14.Qb2 Qf6 15.Kg2 Nf4+
16.Bxf4 Qxf4 17.Rg1 Rad8 18.d5 Ne7 19.Qe2 Rd6 20.Kh1 Rh6 21.Rg2 Ng6 22.Qe3 Qf6
23.Rag1 Nf4 24.Rxg7+ Kh8 25.R1g4 Rh5 26.Qc5 Qd6 27.Qxd6 cxd6 28.Bf1 Ng6 29.R7xg6 hxg6
30.Be2 Kg7 31.Rg2 Rh4 32.Rg4 Rxg4 33.fxg4 f5 34.gxf5 gxf5 35.exf5 Rxf5 36.Kg2 Rf4
37.c4 Rd4 38.a4 Rd2 39.Kf3 Ra2 40.Bd1 Ra3+ 41.Ke4 Rc3 42.Be2 Rc2 43.Kd3 Ra2
44.Bd1 Rxf2  0-1

[Event "Chigorin Mem Open"]
[Site "St Petersburg RUS"]
[Date "2001.10.28"]
[Round "3"]
[White "Tunik,G"]
[Black "Vaulin,A"]
[Result "1/2-1/2"]
[WhiteElo "2460"]
[BlackElo "2548"]

1.d4 d5 2.c4 dxc4 3.e4 Nc6 4.Nf3 Bg4 5.d5 Ne5 6.Bf4 Ng6 7.Be3 Nf6 8.Nc3 e6
9.Qa4+ Qd7 10.Qxd7+ Kxd7 11.dxe6+ Bxe6 12.O-O-O+ Kc8 13.Ng5 Ne5 14.f4 Nd3+
15.Bxd3 cxd3 16.Nxe6 fxe6 17.a3 Ng4 18.Bg1 Bd6 19.e5 Be7 20.Rxd3 Rf8 21.h3 Nh6
22.Be3 Nf5 23.Bd2 a5 24.g4 Nh4 25.Ne2 Ra6 26.Rd1 Ng6 27.Kb1 a4 28.Be3 Rc6
29.Rd7 Rc4 30.Ng3 Rf7 31.Nh5 b6 32.R7d3 Kb7 33.Rc1 Rxc1+ 34.Bxc1 b5 35.Kc2 Kc6
36.Bd2 Kb7 37.Kd1 c5 38.Rd7+ Kc6 39.Ra7 Kb6 40.Ra8 Rf8 41.Rxf8 Bxf8 42.f5 exf5
43.gxf5 Nxe5 44.Bc3 Nc4 45.f6 g6 46.Ng7 Nd6 47.Ne6 Bh6 48.Be5 Nf7 49.Bg3 Kc6
50.Bf2 Bg5 51.Nxg5 Nxg5 52.h4 Ne6 53.Ke2 Kd6 54.Kf3  1/2-1/2

[Event "Chigorin Mem Open"]
[Site "St Petersburg RUS"]
[Date "2001.10.29"]
[Round "4"]
[White "Shinkevich,V"]
[Black "Fominyh,A"]
[Result "1/2-1/2"]
[WhiteElo "2469"]
[BlackElo "2550"]

1.d4 d5 2.c4 dxc4 3.e4 Nf6 4.e5 Nd5 5.Bxc4 Nc6 6.Ne2 Bf5 7.a3 e6 8.O-O Nb6
9.Ba2 Ne7 10.Nbc3 c6 11.Bg5 Qd7 12.Qd2 h6 13.Bxe7 Bxe7 14.Rad1 O-O 15.Ng3 Bg6
16.f4  1/2-1/2

[Event "FSIM November"]
[Site "Budapest HUN"]
[Date "2001.11.03"]
[Round "1"]
[White "Biro,D"]
[Black "Vass,V"]
[Result "1/2-1/2"]
[WhiteElo "2243"]
[BlackElo "2166"]

1.d4 d5 2.c4 dxc4 3.e4 e5 4.d5 f5 5.Bxc4 Nf6 6.Nc3 Bd6 7.exf5 Bxf5 8.Nge2 O-O
9.Ng3 Bg6 10.Bg5 Nbd7 11.O-O h6 12.Bh4 Qe8 13.Re1 Kh8 14.Bb5 a6 15.Bxd7 Nxd7
16.Nge4 Nc5 17.Bg3 Qf7 18.Rc1 Nxe4 19.Nxe4 Rad8 20.Qb3 Bxe4 21.Rxe4 b6 22.Kh1 Bc5
23.f3 Rxd5 24.Bxe5 Rfd8 25.Rg4 Bf8 26.h3 R8d7 27.Bxc7 b5 28.Kh2 h5 29.Re4 Qg6
30.h4 Rd2  1/2-1/2

[Event "FSGMA December"]
[Site "Budapest HUN"]
[Date "2001.12.03"]
[Round "3"]
[White "Ilincic,Z"]
[Black "Horvath,Jo"]
[Result "1/2-1/2"]
[WhiteElo "2521"]
[BlackElo "2551"]

1.d4 d5 2.c4 dxc4 3.e4 e5 4.Nf3 exd4 5.Bxc4 Nc6 6.O-O a6 7.Bd5 Nge7 8.Re1 Be6
9.Bxe6 fxe6 10.Qb3 Qc8 11.Bf4 Ng6 12.Bg3 Be7 13.Rd1 e5 14.Nbd2 Bf6 15.Rac1 Rb8
16.Rc5 Ke7 17.Nc4 Qe6 18.Ncxe5 Ngxe5 19.Nxe5 Bxe5 20.Bxe5 Nxe5 21.Rxc7+ Kf6
22.f4 Qxb3 23.fxe5+ Kxe5 24.axb3 g6 25.Rd7 Rhd8 26.R1xd4 Rxd7 27.Rxd7 Kxe4
28.Rxh7 b5 29.Rc7 Rd8 30.Rc6 Rd1+ 31.Kf2 Rd2+ 32.Kg3 Kf5 33.Rc5+ Kf6 34.Rc6+ Kf5
35.Rc5+  1/2-1/2

[Event "FSGMA December"]
[Site "Budapest HUN"]
[Date "2001.12.07"]
[Round "7"]
[White "Ilincic,Z"]
[Black "Horvath,Ad"]
[Result "1-0"]
[WhiteElo "2521"]
[BlackElo "2490"]

1.d4 d5 2.c4 dxc4 3.e4 c5 4.d5 Nf6 5.Nc3 b5 6.Bf4 Ba6 7.e5 b4 8.exf6 bxc3
9.bxc3 gxf6 10.g3 Qa5 11.Bg2 Nd7 12.Ne2 Rd8 13.O-O Ne5 14.Bxe5 fxe5 15.f4 Bg7
16.fxe5 Bxe5 17.Nf4 Bxc3 18.Rc1 Bd4+ 19.Kh1 c3 20.Re1 h5 21.Qc2 Rh6 22.Qf5 Qb6
23.Rb1 Qf6 24.Qe4 h4 25.g4 c2 26.Rbc1 Bc3 27.Qa4+ Kf8 28.Re6 fxe6 29.Nxe6+ Kg8
30.g5 Qf5 31.gxh6 h3 32.Be4 Qh5 33.Qxc2 Rxd5 34.h7+ Kf7 35.Nf4  1-0

[Event "London Open"]
[Site "London ENG"]
[Date "2001.12.16"]
[Round "6"]
[White "Arkell,K"]
[Black "Rowson,J"]
[Result "0-1"]
[WhiteElo "2457"]
[BlackElo "2512"]

1.d4 d5 2.c4 dxc4 3.e4 Nc6 4.Nf3 Bg4 5.Bxc4 e6 6.d5 exd5 7.Bxd5 Qf6 8.Qa4 Bxf3
9.Bxc6+ bxc6 10.gxf3 Bc5 11.f4 Ne7 12.Qa5 Bb6 13.Qe5 Qh4 14.Rf1 f5 15.Bd2 fxe4
16.Nc3 e3 17.Bxe3 O-O-O 18.Rd1 Bxe3 19.Qxe3 Ng6 20.Qe6+ Kb7 21.Qb3+ Ka8 22.Qc4 Ne5
23.Qe4 Nd3+ 24.Rxd3 Rde8 25.Re3 Rxe4 26.Rxe4 Qxh2 27.Ke2 Qh5+ 28.f3 Rb8 29.b3 Rd8
30.Rf2 Qc5 31.Rc4 Rd2+  0-1

[Event "4th Hilton Open"]
[Site "Basel SUI"]
[Date "2002.01.05"]
[Round "6"]
[White "Korchnoi,V"]
[Black "Varga,Zo"]
[Result "1/2-1/2"]
[WhiteElo "2633"]
[BlackElo "2510"]

1.d4 d5 2.c4 dxc4 3.e4 Nf6 4.e5 Nd5 5.Bxc4 Nb6 6.Bd3 Nc6 7.Be3 Be6 8.Nc3 Qd7
9.Nf3 Nb4 10.Be4 Bf5 11.O-O Bxe4 12.Nxe4 e6 13.Nfd2 N4d5 14.Rc1 O-O-O 15.Bg5 Re8
16.Nc5 Qc6 17.Nde4 Nd7 18.Nd3 Qa6 19.Qf3 Be7 20.Bxe7 Rxe7 21.a3 Kb8 22.Ndc5 Nxc5
23.Nxc5 Qb6 24.b4 Rd8 25.b5 f6 26.a4 fxe5 27.dxe5 c6 28.bxc6 Qxc6 29.Rfd1 Rc8
30.h4 Rec7 31.Ne4 Qxa4 32.Ra1 Qc6 33.Nd6 Nc3 34.Qxc6 Rxc6 35.Nxc8 Nxd1 36.Nxa7 Rc5
37.Rxd1 Kxa7 38.Rd7 Ka6 39.f4 b5 40.Rd6+ Ka5 41.Rxe6 b4 42.Re8 b3 43.Rb8 Rb5
44.Ra8+ Kb4 45.e6 Rb7 46.Ra1 b2 47.Re1 g6 48.Kh2 Kc3 49.e7 Rxe7 50.Rxe7 b1=Q
51.Rxh7 Qf1 52.Rf7 Qf2 53.Kh3 Kd4 54.Rf6 Ke4 55.Rxg6 Qg1 56.Rg3 Kf5 57.Rf3 Qe1  1/2-1/2

[Event "28th ch-YUG Youth Women"]
[Site "Obrenovac YUG"]
[Date "2002.01.15"]
[Round "6"]
[White "Tuvic,N"]
[Black "Savic,Ma"]
[Result "0-1"]
[WhiteElo "2042"]
[BlackElo "2169"]

1.d4 d5 2.c4 dxc4 3.e4 c5 4.d5 e6 5.Nc3 exd5 6.Nf3 d4 7.Nd5 Nc6 8.Bxc4 Nge7
9.Bg5 a6 10.a4 Be6 11.O-O h6 12.Bh4 Bxd5 13.Bxd5 g5 14.Bxc6+ Nxc6 15.Bg3 Bd6
16.Bxd6 Qxd6 17.Re1 O-O-O 18.Qd3 Kb8 19.Red1 Ka7 20.Rac1 b6 21.Nd2 Ne5 22.Qb3 Qe6
23.a5 Rc8 24.axb6+ Qxb6 25.Qd5 f6 26.Qa2 Nd3 27.Ra1 Nb4 28.Qa4 Rb8 29.Nc4 Qe6
30.Nd2 Rhc8 31.Nf3 Qxe4 32.Re1 Qc6 33.Qd1 Re8 34.Rxe8 Rxe8 35.Qc1 Qb5 36.Nd2 Nd3
37.Qc2 Qxb2 38.Qa4 Re1+ 39.Rxe1 Nxe1 40.Qd7+ Qb7 41.Qg4 Nd3 42.h3 Ne5  0-1

[Event "90th LSK Metalka Trgovina"]
[Site "Ljubljana SLO"]
[Date "2002.01.25"]
[Round "6"]
[White "Soln,P"]
[Black "Sveshnikov,E"]
[Result "1/2-1/2"]
[WhiteElo "2412"]
[BlackElo "2565"]

1.d4 d5 2.c4 dxc4 3.e4 Nc6 4.Be3 Nf6 5.Nc3 e5 6.d5 Na5 7.Nf3 Bd6 8.Nd2 O-O
9.h3 Bb4 10.Qc2 c6 11.dxc6 Nxc6 12.Bxc4 Nd4 13.Qd1 b5 14.Bd3 Bb7 15.O-O Nf5
16.Qe2 Nxe3 17.Qxe3 a6 18.Nb3 Rc8 19.Rac1 Ba5 20.Nxa5 Qxa5 21.Bb1 Qb4 22.b3 Rfd8
23.Qb6 Qe7 24.Rcd1 Rxd1 25.Rxd1 g6 26.Nd5 Nxd5 27.exd5 Kg7 28.d6 Qd7 29.Qe3 Qe6
30.Be4 Bxe4 31.Qxe4 Rd8 32.Qc6 e4 33.Qxa6 e3 34.Qxb5 exf2+ 35.Kxf2 Qf6+ 36.Kg1 Rxd6
37.Rxd6 Qxd6 38.a4 Qd4+ 39.Kf1 Qf4+ 40.Ke2 Qe4+ 41.Kd1 Qd4+ 42.Kc2 Qf2+ 43.Kc3 Qe1+
44.Kc4 Qe2+ 45.Kc5 Qf2+ 46.Kd6 Qf6+ 47.Kc7 Qe7+ 48.Kb8 Qd6+ 49.Ka7 Qe7+ 50.Ka6 Qd6+
51.Ka5 Qd8+ 52.Qb6 Qd5+ 53.Kb4 Qd2+ 54.Kc4 Qc2+ 55.Kb4 Qd2+  1/2-1/2

[Event "Corus B"]
[Site "Wijk aan Zee NED"]
[Date "2002.01.27"]
[Round "11"]
[White "Peng Zhaoqin"]
[Black "Skripchenko,A"]
[Result "1-0"]
[WhiteElo "2460"]
[BlackElo "2498"]

1.d4 d5 2.c4 dxc4 3.e4 Nc6 4.Be3 Nf6 5.Nc3 e5 6.d5 Ne7 7.Bxc4 a6 8.f3 Ng6
9.Nge2 Bd6 10.a4 Qe7 11.a5 Nh5 12.O-O Bc5 13.Qc1 Nhf4 14.Rf2 Bd7 15.Ng3 O-O
16.Bf1 h5 17.Kh1 Bxe3 18.Qxe3 h4 19.Nge2 f5 20.exf5 Bxf5 21.Nxf4 Nxf4 22.Rd2 Rad8
23.Bc4 Kh8 24.Ne4 Bxe4 25.Qxe4 Rd6 26.Re1 Ng6 27.Ba2 Rf4 28.Qe3 Ra4 29.Bb3 Rxa5
30.h3 Rb5 31.Bc4 Rb4 32.Qc3 a5 33.Bd3 Rd4 34.Bxg6 Rxd2 35.Qxd2 Rxg6 36.f4 e4
37.Qxa5 e3 38.Qa8+ Kh7 39.Qa4 Rg3 40.Qc2+ Kh8 41.Ra1 Kg8 42.Ra8+ Kf7 43.Rc8 Kf6
44.Qc3+ Kg6 45.Rxc7 Qf6 46.Qc2+ Kh6 47.Rc4 Qa6 48.f5 Qf6 49.Qe4 Kh5 50.d6 b5
51.Rd4  1-0

[Event "Kaissa Open"]
[Site "Kharkov UKR"]
[Date "2002.01.29"]
[Round "8"]
[White "Tikhomirov,Al"]
[Black "Vinogradov,P"]
[Result "1-0"]
[WhiteElo "2256"]
[BlackElo "2305"]

1.d4 d5 2.c4 dxc4 3.e4 Nc6 4.d5 Ne5 5.Bf4 Ng6 6.Bg3 e5 7.Bxc4 Bd6 8.Bb5+ Bd7
9.Bxd7+ Qxd7 10.Qb3 Nf6 11.Nc3 O-O 12.Nge2 b6 13.f3 a6 14.O-O Nh5 15.Kh1 Nxg3+
16.Nxg3 Ne7 17.Qa4 Qc8 18.Rac1 g6 19.a3 h5 20.Nge2 h4 21.h3 Kg7 22.f4 exf4
23.Qd4+ f6 24.Nxf4 Be5 25.Qe3 Bxf4 26.Rxf4 g5 27.Rf2 Ng6 28.Ne2 Rf7 29.Nd4 Kg8
30.Rc6 Qf8 31.Ne6 Qh6 32.Nxc7 Raf8 33.Ne6 Rb8 34.Rf1 Ne5 35.Rxb6 Rxb6 36.Qxb6 g4
37.Qf2 g3 38.Qe2 Qg6 39.Nd4 Re7 40.d6 Rd7 41.Nf5 Qg5 42.b4 Kh7 43.Rd1 Kg6
44.Qxa6 Qf4 45.Qe2 Ra7 46.Rf1 Qg5 47.Rd1 Qf4 48.a4 Rxa4 49.d7 Nxd7 50.Rxd7 Ra1+
51.Rd1 Qxe4 52.Nxh4+ Kg7 53.Qf1 Rxd1 54.Qxd1 Qxh4 55.Qg4+  1-0

[Event "TCh-ISR"]
[Site "ISR"]
[Date "2002.02.02"]
[Round "4"]
[White "Bykhovsky,Av"]
[Black "Eliagov,K"]
[Result "1-0"]
[WhiteElo "2440"]
[BlackElo "2214"]

1.d4 d5 2.c4 dxc4 3.e4 e5 4.Nf3 exd4 5.Bxc4 Bb4+ 6.Nbd2 Nc6 7.O-O Nf6 8.e5 Nd5
9.Nb3 Bg4 10.h3 Bh5 11.Nbxd4 Nde7 12.g4 Bg6 13.Bg5 Bc5 14.Bb5 Be4 15.Rc1 Qd5
16.Bxe7 Kxe7 17.Nxc6+ bxc6 18.Qxd5 cxd5 19.Rxc5 Bxf3 20.Rxc7+ Ke6 21.Re1 Rhd8
22.Re3 Be4 23.f4 Rab8 24.Rxe4 Rxb5 25.f5+  1-0

[Event "TCh-ISR"]
[Site "ISR"]
[Date "2002.02.02"]
[Round "4"]
[White "Mikhalevski,V"]
[Black "Chernomordik,P"]
[Result "1/2-1/2"]
[WhiteElo "2531"]
[BlackElo "2260"]

1.d4 d5 2.c4 dxc4 3.e4 e5 4.Nf3 exd4 5.Bxc4 Bb4+ 6.Nbd2 Nc6 7.O-O Nf6 8.e5 Nd5
9.Bb5 Ne7 10.Nb3 a6 11.Bxc6+ Nxc6 12.Bg5 Qd5 13.a3 Bc5  1/2-1/2

[Event "Aeroflot Open"]
[Site "Moscow RUS"]
[Date "2002.02.07"]
[Round "5"]
[White "Volkov,S"]
[Black "Tkachiev,V"]
[Result "0-1"]
[WhiteElo "2567"]
[BlackElo "2634"]

1.d4 d5 2.c4 dxc4 3.e4 e5 4.Nf3 Bb4+ 5.Bd2 Bxd2+ 6.Nbxd2 exd4 7.Bxc4 Nc6
8.O-O Nf6 9.e5 Ng4 10.h3 Nh6 11.Nb3 Nf5 12.Re1 O-O 13.Rc1 a6 14.Bd3 Nh4 15.Be4 Nxf3+
16.Qxf3 Be6 17.Nc5 Qg5 18.Qd3 Nxe5 19.Qxd4 Rad8 20.Qc3 Bd5 21.f4 Qxf4 22.Rf1 Qh6
23.Qxe5 Qe3+ 24.Kh1 Rfe8 25.Qxd5 Rxd5 26.Bxd5 Re7 27.Nxb7 Qg5 28.Rcd1 Rd7
29.Rde1 g6 30.Bf3 Rd2 31.b4 Rxa2 32.Nc5 Kg7 33.Rc1 a5 34.Ne4 Qd8 35.Nc3 Ra3
36.Nb5 Rd3 37.bxa5 c6 38.a6 cxb5 39.Ra1 Qf6 40.Be4 Ra3 41.Rad1 Qxa6 42.Bd5 f5
43.Bf3 Kh6 44.Rb1 b4 45.Rfd1 Rxf3 46.gxf3 Qe2 47.Rf1 Kg5 48.Kg1 Kh4 49.Rf2 Qe3
50.Kg2 Qf4 51.Rbb2 g5 52.Kh1 Qd6 53.Rfd2 Qf4 54.Rf2 h5 55.Kg2 Qg3+ 56.Kh1 Qd6
57.Rfd2 Qc5 58.Rdc2 Qd4 59.Rd2 Qc3 60.Kg2 b3 61.Rf2 f4 62.Kh1 g4 63.fxg4 hxg4
64.hxg4 f3 65.Rb1 Kg3  0-1

[Event "Petrov Mem Open"]
[Site "St Petersburg RUS"]
[Date "2002.02.14"]
[Round "3"]
[White "Lugovoi,A"]
[Black "Mirovshchikov,S"]
[Result "1-0"]
[WhiteElo "2510"]
[BlackElo "2402"]

1.d4 d5 2.c4 dxc4 3.e4 c5 4.d5 e6 5.Nc3 Nf6 6.Bxc4 exd5 7.Nxd5 Nxd5 8.Bxd5 Be7
9.Ne2 O-O 10.O-O Na6 11.Bf4 Nb4 12.Nc3 Qb6 13.a3 Nc6 14.Qd3 Be6 15.Qg3 Rfd8
16.Bc7 Qa6 17.b4 Nd4 18.b5 Nxb5 19.Nxb5 Qxb5 20.Rab1 Qa4 21.Bxb7 c4 22.Bxa8 Rxa8
23.Bd6 Bxd6 24.Qxd6 h6 25.Rb8+ Rxb8 26.Qxb8+ Kh7 27.Qb4 Qc6 28.f3 Qd7 29.Qc3 Qb5
30.h3 a5 31.f4 f6 32.f5 Bf7 33.Re1 a4 34.Qd4 Qb3 35.Re3 Qc2 36.Kh2 Qf2 37.Qc3 Qf4+
38.Kg1 h5 39.Re1 Qb8 40.e5 Qb3 41.Re3 Qb1+ 42.Kh2 Qxf5 43.Rf3 Qe6 44.exf6 Qd6+
45.Kg1 Qb6+ 46.Kh1 Qb1+ 47.Kh2 Qb8+ 48.Kg1 Qb6+ 49.Rf2 Qb1+ 50.Kh2 Qb8+ 51.Qg3 Qxg3+
52.Kxg3 g5 53.Kf3 Bg6 54.Ke3 Kg8 55.Kd4 Bd3 56.f7+ Kf8 57.Kc3  1-0

[Event "Open"]
[Site "Antalya TUR"]
[Date "2002.02.25"]
[Round "4"]
[White "Volkov,S"]
[Black "Chatalbashev,B"]
[Result "1-0"]
[WhiteElo "2567"]
[BlackElo "2529"]

1.d4 d5 2.c4 dxc4 3.e4 c5 4.d5 Nf6 5.Nc3 b5 6.Bf4 Ba6 7.e5 b4 8.exf6 bxc3
9.bxc3 Nd7 10.Qa4 Qb6 11.Bxc4 Qxf6 12.Ne2 Bxc4 13.Qxc4 e5 14.dxe6 Qxe6 15.Qa4 Be7
16.Rd1 Rd8 17.Be3 O-O 18.Nf4 Qg4 19.Qa5 Ne5 20.Rxd8 Rxd8 21.O-O Bg5 22.h3 Qf5
23.Qc7 Re8 24.Nd5 c4 25.f4 Ng6 26.Qc6 Rc8 27.g4  1-0

[Event "Open"]
[Site "Antalya TUR"]
[Date "2002.02.27"]
[Round "6"]
[White "Ivanisevic,I"]
[Black "Chatalbashev,B"]
[Result "1-0"]
[WhiteElo "2540"]
[BlackElo "2529"]

1.d4 d5 2.c4 dxc4 3.e4 c5 4.d5 Nf6 5.Nc3 b5 6.Bf4 Ba6 7.Nf3 b4 8.Bxb8 bxc3
9.Qa4+ Qd7 10.Qxa6 cxb2 11.Rb1 Rxb8 12.Ne5 Qc7 13.Qa4+ Nd7 14.Nxc4 g6 15.Qc6 Kd8
16.Qxc7+ Kxc7 17.Rxb2 Rxb2 18.Nxb2 Bg7 19.Nd1 Rb8 20.Bd3 Ne5 21.Bc2 Nc4 22.g3 Rb4
23.Bd3 Bd4 24.f4 Na3 25.Kd2 c4 26.Bc2 Kd6 27.Re1 Kc5 28.Re2 a5 29.Kc1 a4
30.Kd2 Nb5 31.h4 a3 32.h5 Rb2 33.Nxb2 axb2 34.Rh2 Kb4 35.e5 Na3 36.hxg6 hxg6
37.d6 exd6 38.exd6 b1=Q 39.Bxb1 Nxb1+ 40.Kc1 Nc3 41.d7 Bf6 42.Rh8 Ne2+ 43.Kb1 Nxg3
44.Rb8+ Ka3 45.d8=Q Bxd8 46.Rxd8 Ne2 47.Re8 Nxf4 48.Re4 Nd5 49.Rxc4 f5 50.Rc6 f4
51.Rxg6 f3 52.Rg3 Nc3+ 53.Ka1 Kb4 54.Rxf3 Na4 55.Rh3 Nc5 56.a3+ Kc4 57.Kb2 Na4+
58.Kc2 Kb5 59.Rh5+ Kc4 60.Rh4+ Kb5 61.Rb4+ Ka5 62.Kb3 Nc5+ 63.Kc4 Nd7 64.Kd5 Ka6
65.Kd6 Nf6 66.Kc6 Ka7 67.Ra4+ Kb8 68.Rf4 Nh5 69.Rf7 Ng3 70.Rb7+ Ka8 71.Kb6 Ne4
72.Rh7  1-0

[Event "Cupa Martisor Open"]
[Site "Bucharest ROM"]
[Date "2002.03.01"]
[Round "1"]
[White "Voiteanu,G"]
[Black "Popa,C"]
[Result "1-0"]
[WhiteElo "2097"]
[BlackElo "2068"]

1.d4 d5 2.c4 dxc4 3.e4 Nf6 4.Nc3 e6 5.Bxc4 a6 6.e5 Nd5 7.Nxd5 exd5 8.Bd3 c5
9.Ne2 Nc6 10.O-O Bg4 11.f3 Bh5 12.Nf4 Bg6 13.Nxg6 hxg6 14.g3 Nxd4 15.Be3 Ne6
16.f4 c4 17.f5 Bc5 18.Bxc5 Nxc5 19.Bc2 Qb6 20.Qd4 O-O-O 21.fxg6 fxg6 22.e6 Qd6
23.Rae1 Nxe6 24.Qg4 Qb6+ 25.Rf2 Rd6 26.h4 Rf8 27.Re2 Rxf2 28.Rxf2 Qd4 29.Qxg6 Kc7
30.Qf7+ Kb6 31.Qe7 Rc6 32.Ba4 c3 33.Bxc6 c2 34.Qxb7+ Ka5 35.b4+ Qxb4 36.Qxb4+ Kxb4
37.Rxc2 Nd4 38.Rb2+ Kc3 39.Rb6 Kc4 40.Rxa6 Nf5  1-0

[Event "Anibal Open"]
[Site "Linares ESP"]
[Date "2002.03.04"]
[Round "4"]
[White "Candela Perez,J"]
[Black "Najer,E"]
[Result "1-0"]
[WhiteElo "2399"]
[BlackElo "2599"]

1.d4 d5 2.c4 dxc4 3.e4 Nc6 4.Be3 Nf6 5.Nc3 e5 6.d5 Na5 7.Nf3 Bd6 8.Qa4+ Bd7
9.Qxa5 a6 10.Na4 b6 11.Nxb6 cxb6 12.Bxb6 Qe7 13.a3 Nxe4 14.Bxc4 O-O 15.O-O Rab8
16.Rae1 f5 17.Re3 Kh8 18.Bxa6 Ra8 19.b4 g5 20.Rd1 g4 21.Nd2 Nxd2 22.Rxd2 f4
23.Rc3 e4 24.Bd4+ Kg8 25.Rc6 e3 26.Re2 Qe4 27.Bc3 Be5 28.b5 Bxc6 29.dxc6 exf2+
30.Rxf2 Qe3 31.Bd2 Qe4 32.Qb4 Bd4 33.Kh1 Rae8 34.Qc4+ Rf7 35.c7 Kg7 36.c8=Q Rxc8
37.Bxc8  1-0

[Event "Open"]
[Site "Reykjavik ISL"]
[Date "2002.03.07"]
[Round "1"]
[White "Petursson,G"]
[Black "Thorhallsson,T"]
[Result "0-1"]
[WhiteElo "2112"]
[BlackElo "2434"]

1.d4 d5 2.c4 dxc4 3.e4 Nf6 4.e5 Nd5 5.Bxc4 e6 6.Ne2 a6 7.a4 c5 8.O-O Nc6
9.Bxd5 Qxd5 10.Nbc3 Qd7 11.Be3 cxd4 12.Bxd4 Be7 13.Kh1 O-O 14.f4 Nxd4 15.Qxd4 Rd8
16.Qb6 Qc6 17.Qxc6 bxc6 18.Rfd1 Bd7 19.Rd2 c5 20.Ng3 Bc6 21.Rad1 Rxd2 22.Rxd2 Rb8
23.f5 Rb4 24.fxe6 fxe6 25.a5 Rd4 26.Rc2 Bd8 27.Nge2 Rg4 28.Ng3 Bxa5 29.Nce2 Bb4
30.h3 Rg5  0-1

[Event "ch-RUS Boys U20"]
[Site "Vladimir RUS"]
[Date "2002.03.09"]
[Round "8"]
[White "Kurnosov,I"]
[Black "Anisimov,P"]
[Result "1/2-1/2"]
[WhiteElo "2419"]
[BlackElo "2405"]

1.d4 d5 2.c4 dxc4 3.e4 Nf6 4.e5 Nd5 5.Bxc4 Nb6 6.Bb3 Nc6 7.Ne2 Bf5 8.O-O e6
9.a3 Qd7 10.Nbc3 O-O-O 11.Be3 f6 12.exf6 gxf6 13.Rc1 Kb8 14.Na4 h5 15.h4 Rg8
16.Nf4 Nxd4 17.Nxb6 axb6 18.Bxd4 Qxd4 19.Nxe6 Be4 20.Ng5 Bxg2 21.Qxd4 Rxd4
22.Bxg8 Bxf1 23.Ne6 Rg4+ 24.Kxf1 Rxg8 25.Rxc7 Bh6 26.Rh7 Bc1 27.Rxh5 Bxb2  1/2-1/2

[Event "Weekender"]
[Site "Zwolle NED"]
[Date "2002.03.10"]
[Round "5"]
[White "Lalic,B"]
[Black "Van den Doel,E"]
[Result "1-0"]
[WhiteElo "2523"]
[BlackElo "2585"]

1.d4 d5 2.c4 dxc4 3.e4 Nf6 4.e5 Nd5 5.Bxc4 Nb6 6.Bd3 Nc6 7.Be3 Nb4 8.Be4 f5
9.exf6 exf6 10.a3 f5 11.axb4 fxe4 12.Nc3 Be6 13.Nh3 Qd7 14.Nf4 Bxb4 15.Qh5+ Bf7
16.Qe5+ Kf8 17.Qxe4 Bc4 18.d5 Re8 19.Ne6+ Kg8 20.O-O-O Bxc3 21.Bxb6 Bb3 22.Rd3 axb6
23.bxc3 Ra8 24.Rg3 Bxd5 25.Qxd5 Ra1+ 26.Kb2  1-0

[Event "TCh-ISR"]
[Site "ISR"]
[Date "2002.03.15"]
[Round "7"]
[White "Postny,E"]
[Black "Karpman,V"]
[Result "1/2-1/2"]
[WhiteElo "2491"]
[BlackElo "2371"]

1.d4 d5 2.c4 dxc4 3.e4 e5 4.Nf3 exd4 5.Bxc4 Bb4+ 6.Nbd2 Nc6 7.O-O Bxd2 8.Bxd2 Nge7
9.b4 Ng6 10.Bd5 O-O 11.b5 Nce7 12.Bb4 Nxd5 13.exd5 Re8 14.Qxd4 Bf5 15.Bc3 f6
16.Rfe1 Qd7 17.Qc4 Kh8 18.Rac1  1/2-1/2

[Event "13th Goodricke"]
[Site "Calcutta IND"]
[Date "2002.03.21"]
[Round "5"]
[White "Sherbakov,R"]
[Black "Blauert,J"]
[Result "1/2-1/2"]
[WhiteElo "2539"]
[BlackElo "2390"]

1.d4 d5 2.c4 dxc4 3.e4 e5 4.Nf3 exd4 5.Bxc4 Bb4+ 6.Nbd2 Nc6 7.O-O Nf6 8.e5 Nd5
9.Nb3 Nb6 10.Bg5 Be7 11.Bxe7 Qxe7 12.Bb5 Bd7 13.Bxc6 Bxc6 14.Nfxd4 Bd5 15.Qg4 g6
16.Rfe1 O-O 17.Nf5 Qd7 18.Nh6+ Kg7 19.Qg5 Be6 20.Nc5 Qd8 21.h4 Nd5 22.Rac1 b6
23.Nxe6+ fxe6 24.Rc6 Qd7 25.Rec1 Rac8 26.Ng4 Rf5 27.Nf6 Rxg5 28.Nxd7 Rf5
29.Nf6 Rxe5 30.Nxd5 Rxd5 31.Rxc7+ Rxc7 32.Rxc7+ Kh6 33.Rxa7 Rd1+ 34.Kh2 Rd2
35.f3 Rxb2 36.Kh3 g5 37.Re7 Re2 38.a4 gxh4 39.Rb7 Ra2 40.Rxb6 Rxa4 41.Rxe6+ Kg5
42.Re8 h6 43.Rg8+ Kh5 44.Kh2 Ra1 45.Re8 Ra4 46.Re5+ Kg6 47.Kg1 Ra2 48.Rb5 Rc2
49.Kh2 Rc4 50.Rb2 Kg5 51.Kh3 Ra4 52.Kh2 Ra1 53.Re2 Rb1 54.Re5+ Kg6 55.Kh3 Rb4
56.Re1 Kg5 57.Kh2 Ra4 58.Re5+ Kg6 59.Kg1 Ra2 60.Re8 Kg5 61.Rg8+ Kh5 62.Rb8 Kg5
63.Re8 Rc2  1/2-1/2

[Event "Open"]
[Site "Mar del Plata ARG"]
[Date "2002.03.26"]
[Round "5"]
[White "Puyou,G"]
[Black "Piscicelli,D"]
[Result "1-0"]
[WhiteElo "2240"]
[BlackElo "2388"]

1.d4 d5 2.c4 dxc4 3.e4 c5 4.d5 Nf6 5.Nc3 e6 6.Bxc4 exd5 7.Nxd5 Nxd5 8.Bxd5 Be7
9.Ne2 O-O 10.O-O Qb6 11.Rb1 Nc6 12.a3 Bf6 13.Be3 a5 14.Nc3 Bd4 15.Na4 Qa7
16.Qb3 Bd7 17.Nb6 Rad8 18.Bg5 a4 19.Nxa4 Rde8 20.Nc3 c4 21.Qxc4 Ne5 22.Qe2 Bg4
23.Qd2 Bb6 24.Nb5 Qb8 25.Bf4 Qd8 26.Bg5 Qb8 27.Nd4 Qd6 28.Ne2 Qg6 29.Ng3 h6
30.Be3 h5 31.Bxb6 Qxb6 32.Qg5 Nd3 33.Nxh5 Bxh5 34.Qxh5  1-0

[Event "1st It"]
[Site "Asuncion PAR"]
[Date "2002.04.11"]
[Round "4"]
[White "Gamarra Caceres,C"]
[Black "Butti,E"]
[Result "0-1"]
[WhiteElo "2278"]
[BlackElo "2238"]

1.d4 d5 2.c4 dxc4 3.e4 Nf6 4.e5 Nd5 5.Bxc4 Nb6 6.Bb3 Nc6 7.Be3 Bf5 8.Ne2 e6
9.Nbc3 Qd7 10.O-O O-O-O 11.a3 Be7 12.Qc1 Kb8 13.Rd1 Qc8 14.Ng3 Bg6 15.f4 Na5
16.Ba2 Nac4 17.Bf2 c5 18.Bxc4 cxd4 19.Nb5 Qxc4 20.Qxc4 Nxc4 21.b3 Ne3 22.Rxd4 Rxd4
23.Nxd4 Ng4 24.b4 Bd8 25.Nb3 Nxf2 26.Kxf2 Bb6+ 27.Nc5 Bxc5+ 28.bxc5 Rd8 29.Ke2 Rd4
30.Kf3 Rd3+ 31.Kg4 Rc3 32.h4 Rxc5 33.h5 Bd3 34.h6 gxh6 35.Rh1 b5 36.Rxh6 a5
37.Rf6 b4 38.axb4 axb4 39.f5 Rxe5 40.Rxf7 exf5+ 41.Kf4 Rb5 42.Rd7 Bc2 43.Ne2 b3
44.Rd8+ Kb7 45.Rd7+ Ka6 46.Rd6+ Ka5 47.Rd8 b2 48.Nc3 Rb3 49.Rd5+ Kb4 50.Na2+ Kc4  0-1

[Event "City-ch"]
[Site "St-Petersburg RUS"]
[Date "2002.04.17"]
[Round "2"]
[White "Lugovoi,A"]
[Black "Anisimov,P"]
[Result "1/2-1/2"]
[WhiteElo "2510"]
[BlackElo "2405"]

1.d4 d5 2.c4 dxc4 3.e4 Nf6 4.e5 Nd5 5.Bxc4 Nb6 6.Bb3 Nc6 7.Ne2 Bf5 8.Nbc3 e6
9.O-O Qd7 10.a3 O-O-O 11.Be3 f6 12.exf6 gxf6 13.Rc1 Na5 14.Ba2 Bd6 15.Ng3 Bxg3
16.hxg3 Nac4 17.g4 Bg6 18.Bh6 Rhe8 19.Qe2 Nd6 20.Qf3 Qf7 21.a4 a6 22.a5 Nd7
23.Rfe1 f5 24.g5 Kb8 25.Qf4 Rc8 26.b4 Ka8 27.Rb1 Nb8 28.b5 Qd7 29.bxa6 Nxa6
30.Re5 Re7 31.Rbe1 Ne4 32.Nxe4 fxe4 33.d5 exd5 34.Rxd5 Qa4 35.Qd2 Qb4 36.Qe3 c6
37.Rdd1 Qc5 38.Qf4 Nb4 39.Bb1 Nd3 40.Bxd3 exd3 41.Rxe7 Qxe7 42.Qd2 Qe2 43.Qxe2 dxe2
44.Re1 Bd3 45.f4 Rd8  1/2-1/2

[Event "Open"]
[Site "Dubai UAE"]
[Date "2002.04.22"]
[Round "6"]
[White "Volkov,S"]
[Black "Volzhin,A"]
[Result "1-0"]
[WhiteElo "2567"]
[BlackElo "2521"]

1.d4 d5 2.c4 dxc4 3.e4 Nc6 4.d5 Ne5 5.Qd4 Ng6 6.Nf3 e5 7.Qxc4 Bd6 8.h4 Bd7
9.Nc3 a6 10.a4 h6 11.Qb3 Nf6 12.Qxb7 O-O 13.a5 Qe7 14.Qb3 c6 15.h5 Rfb8 16.Qc2 Nf8
17.Bc4 cxd5 18.Bxd5 Nxd5 19.Nxd5 Qd8 20.Bd2 Bg4 21.Bc3 Bxf3 22.gxf3 Ne6 23.Rd1 Nd4
24.Qd3 Bc7 25.b4  1-0

[Event "ch-UKR"]
[Site "Alushta UKR"]
[Date "2002.05.05"]
[Round "3"]
[White "Gerasimenyk,M"]
[Black "Fingerov,D"]
[Result "0-1"]
[WhiteElo "2338"]
[BlackElo "2404"]

1.d4 d5 2.c4 dxc4 3.e4 c5 4.d5 Nf6 5.Nc3 e6 6.Bxc4 exd5 7.Nxd5 Be7 8.Bf4 Nxd5
9.Bxd5 O-O 10.Ne2 Nd7 11.Qc2 Nb6 12.Nc3 Bf6 13.O-O Bxc3 14.Qxc3 Nxd5 15.exd5 Qxd5
16.Rad1 Qxa2 17.Bd6 Re8 18.Bxc5 b6 19.Bd4 f6 20.Qg3 Qf7 21.Rc1 Bb7 22.Rc7 Re7
23.Rfc1 Rae8 24.h3 h5 25.Kh2 h4 26.Qf4 Qg6 27.Qg4 Kf7 28.Be3 Bd5 29.R1c3 Qe4
30.Bf4 g5 31.Bd6 Rxc7 32.Rxc7+ Kg6 33.Qxe4+ Rxe4 34.Rxa7 Re2 35.Ra1 Rxf2
36.Kg1 Rxb2 37.Rd1 Bxg2  0-1